Catálogo público

Isozyme (Record no. 7652)

MARC details
000 -CABECERA
campo de control de longitud fija 01403nam a22003737a 4500
003 - IDENTIFICADOR DEL NÚMERO DE CONTROL
campo de control CHAP
005 - FECHA Y HORA DE LA ÚLTIMA TRANSACCIÓN
campo de control 20220817041147.0
008 - DATOS DE LONGITUD FIJA--INFORMACIÓN GENERAL
campo de control de longitud fija 971013s1983 r 00010 d
010 ## - NÚMERO DE CONTROL DE LA BIBLIOTECA DEL CONGRESO
Número de control de LC 7652
011 ## - ENLACE DEL NUMERO DE CONTROL DE LA BIBLIOTECA DEL CONGRESO [OBSOLETO]
Número de control de LC 8624
035 ## - NÚMERO DE CONTROL DEL SISTEMA
Número de control de sistema 7853
040 ## - FUENTE DE LA CATALOGACIÓN
Centro/agencia transcriptor CHAP
082 ## - NÚMERO DE LA CLASIFICACIÓN DECIMAL DEWEY
Número de clasificación 581.15
Número de documento/Ítem D4 v.1
100 00 - ENTRADA PRINCIPAL--NOMBRE DE PERSONA
Nombre de persona Tanksley, Steven D.
Término indicativo de función/relación ed
9 (RLIN) 111593
245 ## - MENCIÓN DE TÍTULO
Título Isozyme
Resto del título : in plant genetics and breeding
260 ## - PUBLICACIÓN, DISTRIBUCIÓN, ETC.
Lugar de publicación, distribución, etc. Amsterdam :
Nombre del editor, distribuidor, etc. Elsevier,
Fecha de publicación, distribución, etc. 1983
300 ## - DESCRIPCIÓN FÍSICA
Extensión 2 v
490 ## - MENCIÓN DE SERIE
Mención de serie Developments in plant genetics and breeding
Designación de volumen o secuencia ; 1,A-B
590 ## - NOTA LOCAL (RLIN)
Nota local BATCH-UPD
Procedencia (VM) [OBSOLETO] 10
Condición del los carretes individuales (VM) [OBSOLETO] 20130110
-- UCH01
-- 0923
590 ## - NOTA LOCAL (RLIN)
Nota local BATCH-UPD
Procedencia (VM) [OBSOLETO] 10
Condición del los carretes individuales (VM) [OBSOLETO] 20130410
-- UCH01
-- 0545
590 ## - NOTA LOCAL (RLIN)
Nota local BATCH-UPD
Procedencia (VM) [OBSOLETO] 10
Condición del los carretes individuales (VM) [OBSOLETO] 20130914
-- UCH01
-- 1312
590 ## - NOTA LOCAL (RLIN)
Nota local CONVERSION
Procedencia (VM) [OBSOLETO] 10
Condición del los carretes individuales (VM) [OBSOLETO] 20130109
-- UCH01
-- 1305
650 14 - PUNTO DE ACCESO ADICIONAL DE MATERIA--TÉRMINO DE MATERIA
Término de materia o nombre geográfico como elemento de entrada Enzimas.
9 (RLIN) 37195
650 14 - PUNTO DE ACCESO ADICIONAL DE MATERIA--TÉRMINO DE MATERIA
Término de materia o nombre geográfico como elemento de entrada Genética vegetal.
650 14 - PUNTO DE ACCESO ADICIONAL DE MATERIA--TÉRMINO DE MATERIA
Término de materia o nombre geográfico como elemento de entrada Plantas
Subdivisión general Mejoramiento.
9 (RLIN) 88849
700 0# - PUNTO DE ACCESO ADICIONAL--NOMBRE DE PERSONA
Nombre de persona Orton, Thomas J.
Término indicativo de función/relación ed
9 (RLIN) 84145
830 0# - PUNTO DE ACCESO ADICIONAL DE SERIE-TÍTULO UNIFORME
Título uniforme Developments in plant genetics and breeding
Designación de volumen o secuencia ; 1,A-B
9 (RLIN) 32297
901 ## - ELEMENTOS DE DATOS A LOCAL LDA (RLIN)
a BK
942 ## - ELEMENTOS DE PUNTO DE ACCESO ADICIONAL (KOHA)
Tipo de ítem Koha Libro
949 ## - PROCESAMIENTO DE INFORMACIÓN LOCAL (OCLC)
a 581.15 D4 v.1
b BC
c LIBRO
d 33724000544631
e LIBRO
f B
g I. 136175
h 70761
i 7853
s i
t 101.40
949 ## - PROCESAMIENTO DE INFORMACIÓN LOCAL (OCLC)
a 581.15 D4 v.1
b BC
c LIBRO
d 33724000544649
e LIBRO
f A
h 70760
i 7853
s i
t 101.40
949 ## - PROCESAMIENTO DE INFORMACIÓN LOCAL (OCLC)
a 581.15 D4 v.1
b BC
c LIBRO
d 33724000544722
e LIBRO
f A c.2
g I. 151271
h 77805 rep
i 7853
s i
t 101.40
949 ## - PROCESAMIENTO DE INFORMACIÓN LOCAL (OCLC)
a 581.15 D4 v.1
b BC
c LIBRO
d 33724000544730
e LIBRO
f B c.2
g I. 151267
h 77806
i 7853
s i
t 444.40
Holdings
Estado de retiro Estado de pérdida Fuente del sistema de clasificación o colocación Estado dañado Restricciones de uso No para préstamo Código de colección Localización permanente Ubicación/localización actual Ubicación en estantería Fecha de adquisición Fuente de adquisición Información codificada de la localización en otra ubicación Total de préstamos Signatura topográfica completa Código de barras Fecha visto por última vez Número de copia Precio válido a partir de Tipo de ítem Koha
    Dewey Decimal Classification   Préstamo 15 días   General Biblioteca Central Biblioteca Central Planta alta - Colección General 31/12/2019 I. 136175 LIBRO   581.15 D4 v.1 33724000544649 31/12/2019 A 31/12/2019 Libro
    Dewey Decimal Classification   Préstamo 15 días   General Biblioteca Central Biblioteca Central Planta alta - Colección General 31/12/2019 I. 151267 LIBRO   581.15 D4 v.1 33724000544631 31/12/2019 B 31/12/2019 Libro
    Dewey Decimal Classification   Préstamo 15 días   General Biblioteca Central Biblioteca Central Planta alta - Colección General 31/12/2019 I. 151271 LIBRO   581.15 D4 v.1 33724000544730 31/12/2019 B c.2 31/12/2019 Libro
    Dewey Decimal Classification   Préstamo 15 días   General Biblioteca Central Biblioteca Central Planta alta - Colección General 31/12/2019   LIBRO   581.15 D4 v.1 33724000544722 31/12/2019 A c.2 31/12/2019 Libro